Jorge I. Hernández Camacho : (Registro nro. 19618)

Detalles MARC
000 -CABECERA
Campo de control 00714cam a2200205 a 4500
005 - FECHA Y HORA DE LA ULTIMA TRANSACCION
Campo de control 20170612113035.0
008 - ELEMENTOS DE LONGITUD FIJA—INFORMACION GENERAL
Campo de control 971213s1997 ck a r 00010 spa d
040 ## - FUENTE DE CATALOGACIÓN
Agencia catalogadora original la
Agencia transcriptora la
Agencia Modificadora CO-BoIAVH
041 0# - IDIOMA
Código de idioma para texto/pista de sonido o título separado Español
044 ## - PAÍS DE PUBLICACIÓN
País de publicación Colombia
082 04 - NUMERO DE CLASIFICACION DECIMAL DEWEY
Número de clasificación 925
Número del ítem J76h
245 00 - MENCION DE TITULO
Título Jorge I. Hernández Camacho :
Parte restante del título premio a la vida y obra 1997 /
260 ## - PUBLICACION, DISTRIBUCION, ETC. (PIE DE IMPRENTA)
Lugar de publicación, distribución, etc. Santa Fe de Bogotá :
Nombre del editor, distribuidor, etc. Fondo FEN :
-- Impreandes,
Fecha de publicación, distribución, etc. 1997.
300 ## - DESCRIPCION FISICA
Extensión 52 páginas :
Otros detalles físicos ilustraciones ;
Dimensiones 23 x 22 cm.
500 ## - NOTA GENERAL
Nota general Premio a la vida y obra 1997.
504 ## - NOTA DE BIBLIOGRAFIA, ETC.
Nota de bibliografía Incluye referencias bibliográficas.
600 #0 - ASIENTO SECUNDARIO DE MATERIA - NOMBRE PERSONAL
Nombre persona Hernández Camacho, Jorge Ignacio
Fechas asociadas con el nombre 1935-2001
Subdivisión de forma biografías
9 (RLIN) 82083
650 26 - ASIENTO SECUNDARIO DE MATERIA - TERMINO TEMATICO
Término temático o nombre geográfico como elemento de entrada Recursos naturales
Subdivisión geográfica Colombia
9 (RLIN) 82084
942 ## - ELEMENTOS ADICIONALES (KOHA)
Sistema de clasificación Dewey Decimal Classification
Tipo de ítem Libro
Existencias
Withdrawn status Lost status Sistema de Clasificación Damaged status No para préstamo Colección Inventariado Ubicación Permanente Ubicación actual Fecha de adquisición Fuente de Valor Valor Total Checkouts Número topográfico Inventario / Código de Barras Date last seen Ejemplar Price effective from Forma de adquisición Tipo de material
    Dewey Decimal Classification     General Inventariado 2017 Bogotá Bogotá 12/06/2017 Instituto 39000.00   LB-925 J76h 041423 12/06/2017 Ej. 1 12/06/2017 Donación Libro
    Dewey Decimal Classification     General Inventariado 2017 Sala Fabio Quevedo Sala Fabio Quevedo 09/08/1998 Instituto 39000.00   LB-925 J76h 001135 04/12/2012 Ej. 2 04/12/2012 Donación Libro